Socrates: A complete biography (Record no. 370352)

MARC details
000 -LEADER
fixed length control field 00448nam a2200169 4500
005 - DATE AND TIME OF LATEST TRANSACTION
control field 20260206124026.0
008 - FIXED-LENGTH DATA ELEMENTS--GENERAL INFORMATION
fixed length control field 260206b |||||||| |||| 00| 0 eng d
020 ## - INTERNATIONAL STANDARD BOOK NUMBER
International Standard Book Number 978-93-5521-788-2
041 ## - LANGUAGE CODE
Language code of text/sound track or separate title English
082 ## - DEWEY DECIMAL CLASSIFICATION NUMBER
Classification number X 923.2 TIW
Item number B12201
100 ## - MAIN ENTRY--PERSONAL NAME
Author Tiwari, Arun K.
245 ## - TITLE STATEMENT
Title Socrates: A complete biography
260 ## - PUBLICATION, DISTRIBUTION, ETC.
Place of publication, distribution, etc. New Delhi
Name of publisher, distributor, etc. Prabhat prakashan
Date of publication, distribution, etc. 2025
300 ## - PHYSICAL DESCRIPTION
Extent 167p
Other physical details pb
365 ## - TRADE PRICE
Price type code Rupaye
Price amount 350
Currency code INR
942 ## - ADDED ENTRY ELEMENTS (KOHA)
Koha item type Books
Holdings
Withdrawn status Lost status Source of classification or shelving scheme Damaged status Not for loan Home library Current library Date acquired Vendor Net Price Bill number Total Checkouts Full call number Barcode Date last seen Date last checked out Discount Actual Price Bill Date Koha item type Original Barcode
    Dewey Decimal Classification     Smt. Bakul Tambat Institute of Nursing Education Smt. Bakul Tambat Institute of Nursing Education 06/01/2026 Prabhat Prakashan 280.00 BF/CR2881 1 X 923.2 TIW B12201 BTIN-BK-12201 04/03/2026 16/02/2026 70 350.00 15/12/2025 Books BTIN-BK-12201